[Event "Russian Championship B15 1st league 2016"]
[Site "Loo"]
[Date "2016.04.27"]
[Round "8.7"]
[White "Marchenko, Nikolay"]
[Black "Vasiliev, Georgiy"]
[Result "0-1"]
[WhiteElo "1995"]
[BlackElo "1886"]
[PlyCount "120"]
[EventDate "2016.04.20"]

1. d4 Nf6 2. c4 g6 3. Nc3 Bg7 4. e4 d6 5. Nf3 O-O 6. Be2 e5 7. O-O Nc6 8. d5
Ne7 9. b4 Nh5 10. g3 f5 11. Ng5 Nf6 12. Bf3 c6 13. b5 h6 14. Ne6 Bxe6 15. dxe6
fxe4 16. Bg2 d5 17. bxc6 bxc6 18. Ba3 Re8 19. Bxe7 Rxe7 20. Qa4 Qd6 21. cxd5
cxd5 22. Rad1 Qxe6 23. Qa5 Rd7 24. Na4 Bf8 25. Rb1 Rc8 26. Rfc1 Rb7 27. Qd2
Rxb1 28. Rxb1 Rc4 29. Nb2 Rb4 30. Qc2 Qb6 31. Bf1 Qc5 32. Rc1 Qxc2 33. Rxc2 Nd7
34. Nd1 Nc5 35. Ne3 d4 36. Ng4 d3 37. Rd2 Rc4 38. Ne3 Rc1 39. Kg2 Na4 40. Nd5
Kf7 41. Bxd3 exd3 42. Rxd3 Rc2 43. Rb3 Bc5 44. Rf3+ Ke6 45. Nc7+ Kd6 46. Ne8+
Ke7 47. Nf6 Rxf2+ 48. Rxf2 Bxf2 49. Ng4 Bd4 50. Nxh6 Nc3 51. a3 Bc5 52. h4 Bxa3
53. g4 e4 54. g5 e3 55. h5 e2 56. Kf2 Bc5+ 57. Ke1 Bd6 58. Ng4 Bg3+ 59. Nf2
gxh5 60. g6 Kf8 0-1

[Event "Russian Championship B15 1st league 2016"]
[Site "Loo"]
[Date "2016.04.27"]
[Round "8.8"]
[White "Yashmetov, Nikolay"]
[Black "Slugin, Yaroslav"]
[Result "0-1"]
[WhiteElo "1896"]
[BlackElo "1989"]
[PlyCount "124"]
[EventDate "2016.04.20"]

1. e4 c5 2. Nf3 Nc6 3. d4 cxd4 4. Nxd4 Nf6 5. Nc3 e6 6. Ndb5 Bb4 7. Nd6+ Ke7 8.
Bf4 e5 9. Nf5+ Kf8 10. Bg5 d5 11. Bxf6 gxf6 12. Qxd5 Qxd5 13. exd5 Bxf5 14.
dxc6 bxc6 15. Bd3 Be6 16. a3 Bxc3+ 17. bxc3 Rb8 18. f3 Ke7 19. Ke2 c5 20. c4 h6
21. Kd2 Rb6 22. Kc3 Rd8 23. Rhb1 Bd7 24. Rxb6 axb6 25. Be4 Be6 26. Rb1 Rd6 27.
g4 Kd7 28. Bd5 Kc7 29. Rd1 Rd8 30. a4 h5 31. h3 hxg4 32. hxg4 Rh8 33. Be4 Rh3
34. Rg1 Bd7 35. Kb3 Bc6 36. c3 Bxe4 37. fxe4 Kd6 38. Rd1+ Ke7 39. Kc2 Re3 40.
Rb1 Rxe4 41. Kd3 Rxg4 42. Rxb6 f5 43. Rc6 e4+ 44. Ke2 f4 45. Rxc5 Ke6 46. Rc6+
Kd7 47. Rc5 e3 48. Rd5+ Ke6 49. Kf3 Rh4 50. a5 f6 51. Rd4 Kf5 52. a6 Rh3+ 53.
Kg2 e2 54. Kf2 Rh2+ 55. Ke1 f3 56. Rd5+ Ke6 57. Rd8 Rh1+ 58. Kf2 e1=Q+ 59. Kxf3
Rh3+ 60. Kg2 Qg3+ 61. Kf1 Qf3+ 62. Ke1 Rh1+ 0-1

[Event "Russian Championship B15 1st league 2016"]
[Site "Loo"]
[Date "2016.04.27"]
[Round "8.9"]
[White "Moskvin, Anatoly"]
[Black "Medvedev, Semen"]
[Result "1-0"]
[WhiteElo "1960"]
[BlackElo "1856"]
[PlyCount "91"]
[EventDate "2016.04.20"]

1. e4 c5 2. b4 cxb4 3. a3 d5 4. exd5 Qxd5 5. Nf3 Bg4 6. axb4 e6 7. Nc3 Qd8 8.
h3 Bh5 9. Qe2 Nd7 10. Bb2 a6 11. Ne4 Ngf6 12. b5 a5 13. Nxf6+ Nxf6 14. g4 Bg6
15. Bg2 Bc5 16. d4 Bb4+ 17. c3 Be7 18. c4 O-O 19. O-O Qc7 20. Ne5 Nd7 21. Nxg6
hxg6 22. f4 Nf6 23. Rac1 Rad8 24. Kh1 Rfe8 25. Qf3 Rd7 26. Qb3 Bd6 27. b6 Qb8
28. Qe3 Red8 29. Qf3 Bb4 30. Rc2 Qd6 31. c5 Qb8 32. Re2 Rd5 33. Re5 R8d7 34.
Re2 Rd8 35. Qf2 Qc8 36. Bxd5 Rxd5 37. Qf3 Qd7 38. Kg2 Qc8 39. Rh1 Qc6 40. Kg3
Kf8 41. h4 Qb5 42. h5 gxh5 43. g5 h4+ 44. Rxh4 Ng8 45. g6 f6 46. Rxe6 1-0

[Event "Russian Championship B15 1st league 2016"]
[Site "Loo"]
[Date "2016.04.27"]
[Round "8.10"]
[White "Smirnov, Roman"]
[Black "Adyrbaev, Albert"]
[Result "0-1"]
[WhiteElo "1792"]
[BlackElo "2022"]
[PlyCount "102"]
[EventDate "2016.04.20"]

1. d4 Nf6 2. c4 g6 3. Nc3 Bg7 4. e4 d6 5. Nf3 O-O 6. Be2 e5 7. dxe5 dxe5 8.
Qxd8 Rxd8 9. Bg5 Re8 10. O-O-O Na6 11. Rd2 Nc5 12. Bxf6 Bxf6 13. Nd5 Bd8 14.
Nc3 Bg4 15. Kb1 c6 16. b4 Na6 17. a3 Nc7 18. Rhd1 Bf6 19. h3 Be6 20. Ne1 Bg5
21. Rd6 Be7 22. R6d2 a5 23. Nc2 axb4 24. axb4 Na6 25. c5 b6 26. Na4 bxc5 27.
Bxa6 Rxa6 28. Nxc5 Bxc5 29. bxc5 Rb8+ 30. Kc1 Rb5 31. Rd8+ Kg7 32. Kd2 Bb3 33.
Rc1 Rxc5 34. Nb4 Rxc1 35. Kxc1 Ra4 36. Nxc6 Rxe4 37. Rd2 Be6 38. Kd1 Bb3+ 39.
Kc1 Re1+ 40. Kb2 Be6 41. h4 Kf6 42. Kc2 Re4 43. Kd3 Rxh4 44. Ke3 Rc4 45. Na5
Rc3+ 46. Ke2 Ra3 47. Nb7 Bc4+ 48. Ke1 Ra1+ 49. Rd1 Rxd1+ 50. Kxd1 Bd5 51. Nc5
Bxg2 0-1

[Event "Russian Championship B15 1st league 2016"]
[Site "Loo"]
[Date "2016.04.27"]
[Round "8.11"]
[White "Gagarin, Vasily"]
[Black "Rovnov, Vladislav"]
[Result "1-0"]
[WhiteElo "1831"]
[BlackElo "1993"]
[PlyCount "131"]
[EventDate "2016.04.20"]

1. c4 c5 2. Nc3 Nc6 3. g3 g6 4. Bg2 Bg7 5. d3 d6 6. Qd2 e5 7. b3 Nge7 8. Bb2
Be6 9. e3 O-O 10. Nge2 d5 11. cxd5 Nxd5 12. a3 Rc8 13. O-O b6 14. Rfd1 Qd7 15.
Rac1 Rfd8 16. Ba1 h5 17. h4 Na5 18. Rb1 Nxc3 19. Qxc3 Bd5 20. Bxd5 Qxd5 21. Qc2
f5 22. Nc3 Qf3 23. Qe2 Qxe2 24. Nxe2 Nb7 25. Rbc1 Na5 26. Rb1 Rd7 27. Bc3 Nb7
28. Rd2 Rcd8 29. Rbd1 Nd6 30. a4 Kf7 31. f3 Bh6 32. Kf2 Ke6 33. f4 exf4 34.
exf4 Kf7 35. Ng1 Bg7 36. Bxg7 Ne4+ 37. Ke3 Nxd2 38. Rxd2 Kxg7 39. Nf3 Rd6 40.
Ne5 Re8 41. Re2 Rd5 42. Kd2 a6 43. Kc3 Rd4 44. Re1 Rdd8 45. Kc4 Rd4+ 46. Kc3
Rd6 47. Kc4 Red8 48. Re3 Rd4+ 49. Kc3 Re8 50. Re1 Re7 51. Ra1 Rd5 52. Re1 Kf6
53. Kc4 Rdxe5 54. fxe5+ Rxe5 55. Rxe5 Kxe5 56. a5 Kd6 57. axb6 Kc6 58. b7 Kxb7
59. Kxc5 Kc7 60. d4 Kd7 61. d5 Kc7 62. d6+ Kd7 63. Kd5 Kd8 64. Ke6 Ke8 65. d7+
Kd8 66. b4 1-0

[Event "Russian Championship B15 1st league 2016"]
[Site "Loo"]
[Date "2016.04.27"]
[Round "8.12"]
[White "Dolgikh, Evgeniy"]
[Black "Kumargaliev, Marsel"]
[Result "0-1"]
[WhiteElo "1938"]
[BlackElo "1838"]
[PlyCount "64"]
[EventDate "2016.04.20"]

1. d4 Nf6 2. Nf3 g6 3. c4 Bg7 4. Nc3 O-O 5. e4 d6 6. Be2 e5 7. O-O Nc6 8. d5
Ne7 9. b4 Ne8 10. Ne1 f5 11. f3 f4 12. a4 g5 13. Nd3 Rf6 14. Ba3 Rg6 15. c5 h5
16. Nf2 Kh8 17. Rb1 Ng8 18. b5 Nh6 19. h3 Nf6 20. Qb3 g4 21. hxg4 hxg4 22. b6
g3 23. Nh3 Ne8 24. Rfc1 Qh4 25. Bf1 Bxh3 26. gxh3 g2 27. Bxg2 Qxh3 28. Qc2 Qxf3
29. Qf2 Qh5 30. Kf1 Ng4 31. Bf3 Qh3+ 32. Bg2 Ne3+ 0-1

[Event "Russian Championship B15 1st league 2016"]
[Site "Loo"]
[Date "2016.04.27"]
[Round "8.13"]
[White "Koliev, Irlan"]
[Black "Volkov, Andrey"]
[Result "1-0"]
[WhiteElo "1737"]
[BlackElo "1935"]
[PlyCount "73"]
[EventDate "2016.04.20"]

1. c4 c5 2. g3 Nc6 3. Bg2 g6 4. Nc3 Bg7 5. d3 Nh6 6. e4 a6 7. Nge2 d6 8. O-O
O-O 9. h3 f5 10. f4 Rb8 11. Rb1 Bd7 12. a4 Nd4 13. Be3 Nxe2+ 14. Nxe2 b5 15.
axb5 axb5 16. b3 Qc7 17. Qc2 e6 18. b4 Rfc8 19. Rfc1 Bf8 20. Qb3 fxe4 21. dxe4
cxb4 22. cxb5 Qb7 23. b6 Nf7 24. Qxb4 d5 25. Qd2 Bc6 26. Nd4 dxe4 27. Rxc6 Rxc6
28. Bxe4 Rc1+ 29. Qxc1 Qxe4 30. Nc6 Rc8 31. Ne7+ Bxe7 32. Qxc8+ Kg7 33. Qc3+
Bf6 34. Qb3 Nd6 35. b7 Nf5 36. b8=Q Nxe3 37. Q8b7+ 1-0

[Event "Russian Championship B15 1st league 2016"]
[Site "Loo"]
[Date "2016.04.27"]
[Round "8.14"]
[White "Bratchikov, Vladislav"]
[Black "Arbuzov, Mikhail"]
[Result "1-0"]
[WhiteElo "1815"]
[BlackElo "1925"]
[PlyCount "66"]
[EventDate "2016.04.20"]

1. d4 e6 2. e4 b6 3. Bd3 Bb7 4. c3 g6 5. Ne2 Bg7 6. Be3 Ne7 7. Nd2 d5 8. O-O
dxe4 9. Bxe4 Nd5 10. c4 Nxe3 11. fxe3 Bxe4 12. Nxe4 O-O 13. N2c3 Nd7 14. Qf3 f5
15. Nf2 Qe7 16. Rad1 Qf7 17. e4 f4 18. Nh3 Bh6 19. b4 e5 20. d5 Nf6 21. Nf2 Bg7
22. c5 g5 23. d6 h5 24. Qh3 bxc5 25. bxc5 Qc4 26. Nd5 Nxd5 27. Rxd5 c6 28. Rd2
Qxc5 29. Qxh5 Rad8 30. Rfd1 Rf6 31. d7 f3 32. gxf3 Qb6 33. Kg2 c5 1-0

[Event "Russian Championship B15 1st league 2016"]
[Site "Loo"]
[Date "2016.04.27"]
[Round "8.15"]
[White "Shaidullin, Ratmir"]
[Black "Shengeliya, Mikhail"]
[Result "1/2-1/2"]
[WhiteElo "1647"]
[BlackElo "1910"]
[PlyCount "61"]
[EventDate "2016.04.20"]

1. d4 Nf6 2. Nf3 e6 3. Bg5 c5 4. c3 d5 5. e3 Nc6 6. Bd3 Be7 7. O-O O-O 8. Bxf6
Bxf6 9. dxc5 Qe7 10. Nbd2 Qxc5 11. Qc2 h6 12. Rad1 Bd7 13. e4 Rac8 14. Nb3 Qb6
15. exd5 Nb4 16. Qb1 Nxd3 17. Rxd3 Bb5 18. dxe6 fxe6 19. Re1 Bxd3 20. Qxd3 Rfe8
21. Qg6 e5 22. Nbd4 Red8 23. Nf5 Kh8 24. g4 Rd3 25. Nxh6 Rxf3 26. Nf7+ Kg8 27.
Nh6+ Kh8 28. Nf7+ Kg8 29. Nh6+ Kh8 30. Nf7+ Kg8 31. Nh6+ 1/2-1/2

[Event "Russian Championship B15 1st league 2016"]
[Site "Loo"]
[Date "2016.04.27"]
[Round "8.16"]
[White "Tambovtsev, Daniil"]
[Black "Glukhov, Dmitriy"]
[Result "1/2-1/2"]
[WhiteElo "1864"]
[BlackElo "1824"]
[PlyCount "84"]
[EventDate "2016.04.20"]

1. d4 Nf6 2. Nf3 e6 3. c4 b6 4. Nc3 Bb7 5. e3 Be7 6. Bd3 O-O 7. O-O c5 8. b3
cxd4 9. exd4 d5 10. cxd5 Nxd5 11. Nxd5 Bxd5 12. Bb2 Nd7 13. Qe2 Nf6 14. Ne5 Bd6
15. Rac1 Rc8 16. Ba6 Rxc1 17. Rxc1 Nd7 18. h3 Nxe5 19. dxe5 Bc5 20. Rd1 Qg5 21.
Qg4 Qxg4 22. hxg4 Rd8 23. Rd2 Kf8 24. a3 Be7 25. b4 Bg5 26. Rd4 Bb3 27. Rxd8+
Bxd8 28. Bd3 Bd5 29. Bc1 h6 30. f4 g5 31. f5 f6 32. Bb2 Kf7 33. Kf2 Be7 34. Bc3
fxe5 35. Bxe5 a5 36. Bd4 axb4 37. axb4 Bxb4 38. Bxb6 Bd6 39. fxe6+ Bxe6 40. Be2
Kf6 41. Bd4+ Be5 42. Bc5 Kf7 1/2-1/2

[Event "Russian Championship B15 1st league 2016"]
[Site "Loo"]
[Date "2016.04.27"]
[Round "8.17"]
[White "Dzagov, Kambulat"]
[Black "Asatryan, Gor"]
[Result "1/2-1/2"]
[WhiteElo "1651"]
[BlackElo "1853"]
[PlyCount "126"]
[EventDate "2016.04.20"]

1. d4 Nf6 2. Nc3 c5 3. d5 d6 4. e4 g6 5. Nf3 Bg7 6. Be2 O-O 7. O-O Bg4 8. h3
Bxf3 9. Bxf3 Na6 10. Be3 Nd7 11. Qd2 Nc7 12. Bh6 b5 13. Bxg7 Kxg7 14. a4 a6 15.
Be2 Rb8 16. axb5 axb5 17. Nd1 Nf6 18. Bf3 b4 19. Ne3 Nb5 20. c3 Qc7 21. Ra4
bxc3 22. bxc3 Ra8 23. Rfa1 Rxa4 24. Rxa4 Qb7 25. Qb2 Rb8 26. Kh2 Nd4 27. Qxb7
Nxf3+ 28. gxf3 Rxb7 29. c4 Nh5 30. Ra2 Rb3 31. Ra7 Kf6 32. Ng4+ Kg5 33. Rxe7
Rxf3 34. e5 dxe5 35. d6 f6 36. d7 Rd3 37. Ne3 Rd6 38. Nd5 f5 39. Nb6 Nf6 40.
h4+ Kxh4 41. Re6 Rxd7 42. Rxf6 Rd2 43. Kg2 e4 44. Re6 Rc2 45. Re5 Kg4 46. Nd5
Kh4 47. Ne3 Ra2 48. Nd5 Kg5 49. Ne3 Ra5 50. Rd5 h5 51. Rd2 Kf6 52. Kg3 Kg5 53.
Kg2 f4 54. Nf1 Kg4 55. Nh2+ Kh4 56. Rd6 g5 57. Re6 f3+ 58. Kg1 Ra1+ 59. Nf1 Re1
60. Re5 g4 61. Rxc5 e3 62. fxe3 g3 63. Rf5 g2 1/2-1/2

[Event "Russian Championship B15 1st league 2016"]
[Site "Loo"]
[Date "2016.04.27"]
[Round "8.18"]
[White "Sanarov, Leonid"]
[Black "Kiselev, Vladislav"]
[Result "1/2-1/2"]
[WhiteElo "1849"]
[BlackElo "1803"]
[PlyCount "84"]
[EventDate "2016.04.20"]

1. c4 c5 2. g3 Nc6 3. Bg2 g6 4. Nc3 Bg7 5. e3 Nh6 6. d3 Nf5 7. Nge2 a6 8. Rb1
Rb8 9. a3 b5 10. cxb5 axb5 11. b4 cxb4 12. axb4 O-O 13. O-O e5 14. Qd2 Nfe7 15.
e4 d6 16. Bb2 Be6 17. Nd5 f5 18. d4 fxe4 19. Nxe7+ Nxe7 20. dxe5 d5 21. Nf4 Bh6
22. Nxe6 Bxd2 23. Nxd8 Rfxd8 24. Bc1 Bxc1 25. Rbxc1 Rdc8 26. Rfd1 Rc4 27. Rb1
Kf7 28. Bf1 Rc6 29. Bh3 g5 30. f3 exf3 31. Rd3 f2+ 32. Kxf2 h5 33. Bd7 Rc2+ 34.
Kg1 g4 35. Rf1+ Kg7 36. Be6 Ra8 37. Rf7+ Kg6 38. Rf6+ Kg7 39. Bxd5 Nxd5 40.
Rxd5 Ra1+ 41. Rf1 Raa2 42. Rd7+ Kg8 1/2-1/2

[Event "Russian Championship B15 1st league 2016"]
[Site "Loo"]
[Date "2016.04.27"]
[Round "8.19"]
[White "Odegov, Artem"]
[Black "Galkin, Vladislav"]
[Result "1-0"]
[WhiteElo "2063"]
[BlackElo "1659"]
[PlyCount "93"]
[EventDate "2016.04.20"]

1. e4 c6 2. d4 d5 3. exd5 cxd5 4. c4 dxc4 5. Bxc4 Nf6 6. Nf3 e6 7. O-O Nc6 8.
Nc3 Be7 9. d5 exd5 10. Nxd5 Nxd5 11. Bxd5 O-O 12. Bf4 Bf6 13. Qd2 Qb6 14. Bxc6
bxc6 15. Be5 Be7 16. Qf4 Be6 17. Nd4 c5 18. Qg3 f6 19. Bc7 Qa6 20. Nxe6 Qxe6
21. Rfe1 Qf7 22. Rad1 Rfe8 23. h4 Bf8 24. b3 Rxe1+ 25. Rxe1 Re8 26. Rd1 Re7 27.
Bf4 Rd7 28. Re1 c4 29. bxc4 Qxc4 30. Re8 Rd1+ 31. Kh2 Rd3 32. Bd6 Kf7 33. Rxf8+
Ke6 34. Re8+ Kf5 35. f3 Rd4 36. Re4 Rxe4 37. fxe4+ Qxe4 38. Qf3+ Qxf3 39. gxf3
g5 40. Kg3 h5 41. Bb8 a6 42. Bc7 Kg6 43. Kf2 gxh4 44. Kg2 Kg5 45. Kh3 f5 46.
Bb8 a5 47. a4 1-0

[Event "Russian Championship B15 1st league 2016"]
[Site "Loo"]
[Date "2016.04.27"]
[Round "8.20"]
[White "Babunov, Alexander"]
[Black "Gabdrakhmanov, Azat"]
[Result "0-1"]
[WhiteElo "1780"]
[BlackElo "1904"]
[PlyCount "119"]
[EventDate "2016.04.20"]

1. d4 Nf6 2. c4 g6 3. Nc3 Bg7 4. e4 d6 5. Nge2 O-O 6. Ng3 h5 7. h4 Nc6 8. d5
Ne5 9. f3 e6 10. Bg5 c6 11. Qd2 Qc7 12. O-O-O cxd5 13. cxd5 exd5 14. exd5 Bd7
15. Kb1 b5 16. Bxf6 Bxf6 17. Nge4 Bg7 18. Rc1 Qb6 19. Qf2 Rab8 20. Qxb6 Rxb6
21. Be2 Nc4 22. Bxc4 bxc4 23. Rhg1 Rfb8 24. Rc2 Bf5 25. Re1 Bxc3 26. Rxc3 Rxb2+
27. Ka1 Bxe4 28. fxe4 R2b4 29. Rec1 Rc8 30. Ra3 Rc7 31. Ra6 Rb6 32. Rxb6 axb6
33. Kb2 b5 34. Kc3 Kg7 35. Kd4 Kf6 36. Rf1+ Ke7 37. Kc3 Ra7 38. Rf2 Kd8 39. Kb4
Rb7 40. Rf6 Ke7 41. Rf2 Rb8 42. Rf3 Ra8 43. Rf2 Rb8 44. Rf3 f6 45. Rg3 Kf7 46.
Ra3 Rb7 47. Ra6 Ke7 48. Ra8 f5 49. exf5 gxf5 50. Rh8 Kf6 51. Rxh5 Rg7 52. Rh6+
Ke5 53. h5 Rxg2 54. Rh8 Rxa2 55. h6 Rb2+ 56. Kc3 Rb3+ 57. Kc2 Rh3 58. h7 Kxd5
59. Kd2 b4 60. Kc2 0-1

[Event "Russian Championship B15 1st league 2016"]
[Site "Loo"]
[Date "2016.04.27"]
[Round "8.21"]
[White "Matchenya, Ivan"]
[Black "Zavialov, Nikita A"]
[Result "0-1"]
[WhiteElo "1770"]
[BlackElo "1883"]
[PlyCount "58"]
[EventDate "2016.04.20"]

1. e4 c5 2. Nc3 e6 3. Nf3 d5 4. exd5 exd5 5. d4 Be6 6. Be2 Nc6 7. O-O Nf6 8.
Bg5 Be7 9. dxc5 O-O 10. a3 Bxc5 11. b4 Be7 12. Nd4 Rc8 13. Nxc6 Rxc6 14. Nb5 a5
15. Na7 Rc3 16. Bd2 Ne4 17. Bxc3 Nxc3 18. Qd3 Bf6 19. Rae1 Bd7 20. Bf3 Qb6 21.
Bxd5 Qxa7 22. Bc4 b5 23. Bd5 g6 24. Qf3 Bg7 25. Re7 Bf6 26. Re3 Qd4 27. Rd3 Qe5
28. bxa5 Bf5 29. Rd2 Bg5 0-1

[Event "Russian Championship B15 1st league 2016"]
[Site "Loo"]
[Date "2016.04.27"]
[Round "8.22"]
[White "Prokofiev, Matvey"]
[Black "Korobov, Ivan"]
[Result "0-1"]
[WhiteElo "1875"]
[BlackElo "1767"]
[PlyCount "70"]
[EventDate "2016.04.20"]

1. d4 Nf6 2. Nf3 e6 3. c4 c5 4. d5 exd5 5. cxd5 d6 6. Nc3 g6 7. g3 Bg7 8. Bg2
O-O 9. O-O Na6 10. Nd2 Nc7 11. a4 Rb8 12. Nc4 Nfe8 13. Na3 b6 14. e4 a6 15. Qe2
Bd7 16. Nc4 b5 17. axb5 axb5 18. Na5 b4 19. Nd1 Ra8 20. Ne3 Ra6 21. Nc6 Bxc6
22. Rxa6 Bb5 23. Nc4 Bxa6 24. f4 Nf6 25. b3 Re8 26. Qc2 Bxc4 27. bxc4 Qa8 28.
Bb2 Ng4 29. Bxg7 Kxg7 30. Qb2+ Kg8 31. Bf3 Ne3 32. Ra1 Nxc4 33. Rxa8 Nxb2 34.
Ra7 Nb5 35. Ra2 Nc4 0-1

[Event "Russian Championship B15 1st league 2016"]
[Site "Loo"]
[Date "2016.04.27"]
[Round "8.23"]
[White "Hein, Vladimir"]
[Black "Petrovsky, Andrey"]
[Result "0-1"]
[WhiteElo "1866"]
[BlackElo "1756"]
[PlyCount "160"]
[EventDate "2016.04.20"]

1. c4 e5 2. Nc3 Nc6 3. Nf3 d6 4. g3 g6 5. Bg2 Bg7 6. d3 Nge7 7. O-O O-O 8. Rb1
Bd7 9. b4 Qc8 10. b5 Nd8 11. Re1 Bh3 12. Bh1 Ne6 13. Ng5 Nxg5 14. Bxg5 f6 15.
Bd2 Be6 16. Qc2 f5 17. Nd5 Bxd5 18. cxd5 Qd7 19. Rec1 Rfc8 20. a4 b6 21. Rb4 a6
22. bxa6 Rxa6 23. Rc4 Ra7 24. Be3 Rb7 25. Qb3 Ra8 26. Qb5 Qxb5 27. axb5 Raa7
28. Bg5 Kf7 29. e4 Bf6 30. Be3 Ke8 31. f4 Kd7 32. Bd2 Ra3 33. R4c3 Rba7 34.
Rxa3 Rxa3 35. Bc3 Rb3 36. Bf3 Rxb5 37. Kf2 Rc5 38. Bd2 Rxc1 39. Bxc1 exf4 40.
gxf4 Bd4+ 41. Ke2 Kc8 42. Kd2 Kb7 43. Kc2 Ka6 44. Kb3 b5 45. Bd2 Kb6 46. h3 Ng8
47. Bc1 Nf6 48. Bd2 Nd7 49. Kc2 Nb8 50. Kb3 Na6 51. Bb4 Be3 52. exf5 gxf5 53.
Bh5 Bxf4 54. Bf7 Be3 55. Bg8 h6 56. Bh7 f4 57. Be4 Nxb4 58. Kxb4 Bd2+ 59. Kb3
Kc5 60. Kc2 Ba5 61. Kd1 Kd4 62. Ke2 b4 63. Kd2 b3+ 64. Kc1 Bc3 65. h4 Ke3 66.
Bg2 f3 67. Bh3 f2 68. Bf1 Kf3 69. d4 Kg3 70. Kb1 Kh2 71. Bd3 Kg1 72. h5 f1=Q+
73. Bxf1 Kxf1 74. Kc1 b2+ 75. Kc2 Ke2 76. Kxc3 b1=Q 77. Kc4 Qc2+ 78. Kb5 Kd3
79. Ka6 Qb3 80. Ka7 Kxd4 0-1

[Event "Russian Championship B15 1st league 2016"]
[Site "Loo"]
[Date "2016.04.27"]
[Round "8.24"]
[White "Frolkin, Nikita"]
[Black "Novikov, Aleksey"]
[Result "0-1"]
[WhiteElo "1602"]
[BlackElo "1823"]
[PlyCount "114"]
[EventDate "2016.04.20"]

1. d4 Nf6 2. c4 e5 3. dxe5 Ng4 4. e4 Nxe5 5. Nf3 Nxf3+ 6. Qxf3 Nc6 7. Nc3 Bc5
8. Bf4 d6 9. Bd3 Qf6 10. Qg3 Nb4 11. O-O-O Be6 12. Nd5 Bxd5 13. exd5 O-O 14. a3
Nxd3+ 15. Rxd3 b5 16. Bg5 Qg6 17. Bf4 Bxf2 18. Qxg6 fxg6 19. Rf3 Rxf4 20. Rxf4
Be3+ 21. Kc2 Bxf4 22. cxb5 Re8 23. g3 Bg5 24. h4 Bf6 25. Rc1 Re2+ 26. Kd3 Rxb2
27. Rxc7 Rxb5 28. Rxa7 Rxd5+ 29. Ke4 Re5+ 30. Kf3 Rc5 31. a4 d5 32. a5 d4 33.
a6 Ra5 34. Ke2 Ra3 35. Ra8+ Kf7 36. a7 d3+ 37. Kd2 g5 38. Rh8 Rxa7 39. Kxd3
gxh4 40. gxh4 Rd7+ 41. Ke3 Rd8 42. Rxd8 Bxd8 43. h5 Kf6 44. Kf4 Bc7+ 45. Kg4 h6
46. Kh4 Kf5 47. Kh3 Kg5 48. Kg2 Kxh5 49. Kh3 g5 50. Kg2 g4 51. Kf2 Kg5 52. Kg2
h5 53. Kf2 h4 54. Kg2 h3+ 55. Kg1 g3 56. Kf1 g2+ 57. Kg1 Bb6+ 0-1

[Event "Russian Championship B15 1st league 2016"]
[Site "Loo"]
[Date "2016.04.27"]
[Round "8.25"]
[White "Safin, Timur"]
[Black "Safin, Danis"]
[Result "1/2-1/2"]
[WhiteElo "1802"]
[BlackElo "1627"]
[PlyCount "81"]
[EventDate "2016.04.20"]

1. e4 e5 2. Nf3 Nc6 3. d4 exd4 4. Bc4 Nf6 5. O-O Nxe4 6. Re1 d5 7. Bxd5 Qxd5 8.
Nc3 Qd8 9. Nxe4 Be7 10. Bg5 O-O 11. Bxe7 Nxe7 12. Nxd4 Nf5 13. Nb5 Bd7 14. Qd3
a6 15. Nc5 Bxb5 16. Qxf5 Bc6 17. Rad1 Qc8 18. Qxc8 Raxc8 19. Re7 Rfe8 20. Rde1
Kf8 21. R7e3 Rxe3 22. Rxe3 Re8 23. Rxe8+ Kxe8 24. f3 Ke7 25. Kf2 Kd6 26. Nd3
Bb5 27. Ke3 Bxd3 28. Kxd3 Kd5 29. b4 b5 30. g3 g5 31. Kc3 f5 32. Kd3 h5 33. Ke3
Kc4 34. a3 Kd5 35. h4 f4+ 36. Ke2 gxh4 37. gxh4 Kc4 38. Kd2 Kd4 39. c3+ Kc4 40.
Kc2 c5 41. Kd2 1/2-1/2

[Event "Russian Championship B15 1st league 2016"]
[Site "Loo"]
[Date "2016.04.27"]
[Round "8.26"]
[White "Sheletun, Yakov"]
[Black "Tikhonov, Viacheslav"]
[Result "1-0"]
[WhiteElo "1790"]
[BlackElo "1611"]
[PlyCount "49"]
[EventDate "2016.04.20"]

1. e4 e6 2. d4 d5 3. exd5 exd5 4. c4 Bb4+ 5. Nc3 c6 6. Nf3 Ne7 7. Bd3 Bf5 8.
O-O Bxd3 9. Qxd3 dxc4 10. Qxc4 Bd6 11. Re1 O-O 12. Bg5 Nd7 13. Qb3 Nb6 14. Ne4
Re8 15. Ne5 Nbd5 16. Qf3 Bxe5 17. dxe5 Qc7 18. Nd6 Ng6 19. Nxe8 Rxe8 20. Qg3
Qb6 21. b3 Qd4 22. Rad1 Rxe5 23. Qxe5 Qxf2+ 24. Kxf2 Nxe5 25. Rxe5 1-0

[Event "Russian Championship B15 1st league 2016"]
[Site "Loo"]
[Date "2016.04.27"]
[Round "8.27"]
[White "Perov, German"]
[Black "Mukhutdinov, Tigran"]
[Result "0-1"]
[WhiteElo "1676"]
[BlackElo "2059"]
[PlyCount "120"]
[EventDate "2016.04.20"]

1. e4 e5 2. Nc3 Nf6 3. f4 d5 4. fxe5 Nxe4 5. Nf3 Be7 6. Qe2 Nxc3 7. dxc3 O-O 8.
Bf4 c6 9. O-O-O Be6 10. Kb1 Nd7 11. h4 Bg4 12. Qf2 Nc5 13. Bd3 Nxd3 14. Rxd3
Qb6 15. Be3 Qc7 16. Qg3 h5 17. Rf1 Rae8 18. Bf4 Qc8 19. Nd4 Qd8 20. Rh1 Bc5 21.
Re1 a6 22. a3 Be7 23. Rh1 Qd7 24. Re1 b5 25. Nf3 Qd8 26. Ng5 a5 27. e6 fxe6 28.
Nxe6 Bxh4 29. Nxd8 Rxe1+ 30. Qxe1 Bxe1 31. Bg5 Bd7 32. Nb7 Rf2 33. g3 Re2 34.
Nxa5 Bf5 35. Rf3 Bxc2+ 36. Ka1 Be4 37. Rf1 Bg2 38. Rf5 Bxg3 39. Nxc6 g6 40. Rf6
h4 41. Nd8 Be4 42. Nf7 Rf2 43. Nh6+ Kg7 44. Re6 h3 45. Re7+ Kf8 46. Rd7 Be5 47.
Rd8+ Kg7 48. Rd7+ Kh8 49. Rd8+ Kh7 50. Rd7+ Bg7 51. Ng4 Rf1+ 52. Ka2 Kg8 53.
Rd8+ Rf8 54. Rd7 Bf5 55. Rxg7+ Kxg7 56. Bh6+ Kg8 57. Bxf8 Kxf8 58. Nh2 g5 59.
b3 g4 60. Nf1 Bd3 0-1

[Event "Russian Championship B15 1st league 2016"]
[Site "Loo"]
[Date "2016.04.27"]
[Round "8.28"]
[White "Dobrynin, Yaroslav"]
[Black "Rogotskiy, Yuriy"]
[Result "0-1"]
[WhiteElo "1668"]
[BlackElo "1967"]
[PlyCount "54"]
[EventDate "2016.04.20"]

1. d4 Nf6 2. g3 g6 3. c4 Bg7 4. Bg2 O-O 5. Nf3 d6 6. O-O Nc6 7. Nc3 a6 8. e4
Bg4 9. Be3 Nd7 10. h3 Bxf3 11. Bxf3 e5 12. d5 Nd4 13. Bg2 c5 14. dxc6 bxc6 15.
b4 Rb8 16. Rb1 Qf6 17. Qd3 Qe6 18. Ne2 c5 19. Bxd4 cxd4 20. f4 Rfc8 21. Rfc1
Bh6 22. Rc2 Nc5 23. Nxd4 Nxd3 24. Nxe6 fxe6 25. a3 exf4 26. Rd1 Ne5 27. gxf4
Bxf4 0-1

[Event "Russian Championship B15 1st league 2016"]
[Site "Loo"]
[Date "2016.04.27"]
[Round "8.29"]
[White "Lipilin, Ilia"]
[Black "Kolkhidov, Azamat"]
[Result "1-0"]
[WhiteElo "1827"]
[BlackElo "1655"]
[PlyCount "55"]
[EventDate "2016.04.20"]

1. d4 d5 2. c4 c6 3. Nf3 Nf6 4. e3 Bg4 5. Qb3 Qc7 6. Ne5 Bf5 7. cxd5 cxd5 8.
Nc3 e6 9. Bd2 Nc6 10. Bb5 a6 11. Nxc6 bxc6 12. Ba4 Bd6 13. Rc1 Rb8 14. Qd1 O-O
15. h3 e5 16. dxe5 Bxe5 17. O-O Qc8 18. f4 Bd6 19. Bb3 Qd7 20. Ne2 Ne4 21. Nd4
Bxh3 22. Nxc6 Rbc8 23. Bxd5 Bf5 24. Bxe4 Bxe4 25. Bb4 Rxc6 26. Rxc6 Qxc6 27.
Qxd6 Qb7 28. Qxf8# 1-0

[Event "Russian Championship B15 1st league 2016"]
[Site "Loo"]
[Date "2016.04.27"]
[Round "8.30"]
[White "Chursin, Aleksandr"]
[Black "Zharikov, Dmitry"]
[Result "0-1"]
[WhiteElo "1798"]
[BlackElo "1644"]
[PlyCount "68"]
[EventDate "2016.04.20"]

1. c4 c5 2. Nc3 Nf6 3. Nf3 d5 4. cxd5 Nxd5 5. d4 cxd4 6. Qxd4 Nxc3 7. Qxc3 Nc6
8. e4 Bg4 9. Bb5 Rc8 10. O-O Bxf3 11. Qxf3 e6 12. Be3 a6 13. Rfd1 Qa5 14. Bxc6+
Rxc6 15. Qg3 f6 16. Qb8+ Ke7 17. b4 Qc7 18. Qa8 Qc8 19. Qxc8 Rxc8 20. Rac1 Rxc1
21. Rxc1 Kd7 22. a3 Bd6 23. Kf1 Rc8 24. Rxc8 Kxc8 25. Ke2 Kd7 26. Kd3 Kc6 27.
g3 Kb5 28. Bc1 a5 29. bxa5 Kxa5 30. Kc4 Ka4 31. e5 b5+ 32. Kd4 Bxa3 33. exf6
Bxc1 34. f7 Ba3 0-1

[Event "Russian Championship B15 1st league 2016"]
[Site "Loo"]
[Date "2016.04.27"]
[Round "8.31"]
[White "Volkov, Grigoriy"]
[Black "Petrov, Nikolay"]
[Result "1-0"]
[WhiteElo "1667"]
[BlackElo "1788"]
[PlyCount "43"]
[EventDate "2016.04.20"]

1. e4 c5 2. Nf3 d6 3. d4 cxd4 4. Nxd4 Nf6 5. Nc3 g6 6. Be3 Bg7 7. f3 Nc6 8. Qd2
O-O 9. O-O-O Nxd4 10. Bxd4 Be6 11. g4 Rc8 12. h4 h5 13. gxh5 Nxh5 14. Bxg7 Kxg7
15. f4 Qa5 16. f5 Bxa2 17. Qg5 Rxc3 18. fxg6 Nf6 19. Qxa5 Rxc2+ 20. Kxc2 Rc8+
21. Kd2 Nxe4+ 22. Ke3 1-0